00379nam a2200133Ia 4500008004100000100001300041245006300054245001300117260006200130260000900192300002200201500000900223650001300232170224s9999 xx 000 0 und d aJon Kohl aTour guiding research: insights, issues and implications  cJon Kohl bJournal of Policy Research in Tourism, Leisure and Events c2016 a8:1, Pages: 89-92 a2016 xTourism.